000 00607nam a22002177a 4500
003 UA-OsUOA
001 30045
007 ta
008 20041103b un ||||| |||| 00| 0 ukr d
090 _a821.161.2
_bА72
942 _cBK
040 _aUA-OsUOA
_bukr
_cUA-OsUOA
_dUA-OsUOA
245 _aУкраїнська радянська поезія
_bТвори поетів, які ввійшли в літературу в 1917-1932 рр.
_cРед. Л. М.Новиченко
955 _a0
041 _aukr
080 _a821.161.2
260 _c1985
044 _aUA
650 7 _2UDC
999 _c316449
_d316449